Who wrote that SCI-FI book? - Statistics

General Stats
  • This quiz has been taken 26 times
  • The average score is 9 of 15
Answer Stats
book/series WRITER % Correct
Nineteen Eighty-four George Orwell
100%
Frankenstein Mary Shelley
100%
Brave New World Aldous Huxley
91%
Dune Frank Herbert
91%
Twenty Thousand Leagues Under the Seas Jules Verne
91%
Fahrenheit 451 Ray Bradbury
91%
The Hitchhiker's Guide to the Galaxy Douglas Adams
74%
The Time Machine H.G. Wells
74%
Do Androids Dream of Electric Sheep? Philip K. Dick
61%
Foundation Isaac Asimov
52%
Ender's Game Orson Scott Card
48%
A Wrinkle in Time Madeleine L'Engle
17%
The Three-Body Problem Liu Cixin
13%
We / Мы Yevgeny Zamyatin
13%
Never Let Me Go Kazuo Ishiguro
9%
No matching quizzes found
Score Distribution
Percent of People with Each Score
Percentile by Number Answered
Your Score History
You have not taken this quiz